000 00685nam a2200241 4500
003 OSt
005 20240607055516.0
006 a
008 240607b |||||||| |||| 00| 0 eng d
040 _aDWCL-Main lib.
_cOC
082 _aFil. 371.32 C822p 2003
100 _aCORPUZ, BRENDA B.
245 _aPrinciples and strategies of teaching /
260 _aQ.C. :
_bLorimar Publishing,
_cc2003.
300 _b126 p. ;
_c25 cm.
504 _aIncludes bibliography.
650 _a1. Teaching.
650 _a2. Education - Study and teaching.
650 _a3. Teaching.
650 _a4. Education - study and teaching.
700 _aBRENDA B. CORPUZ
942 _2ddc
_n0
_cBK - FIL
_kFil.
999 _c353
_d353